000 01068nam a22002777a 4500
005 20151106121155.0
010 _aENG-113995
020 _c995.00
_a0199456747
020 _c995.00
_a9780199456741
035 _aEN-97527
037 _bDBAD/PUB
_adpl
082 _a345.5405
245 _aRegimes of legality :
_cedited by Daniela Berti and Devika Bordia
_bethnography of criminal cases in South Asia /
260 _aNew Delhi
_bOxford University Press
_c2015
270 _aYMCA Library Building, 1, Jai Singh Road,
_bNew Delhi
_e110001
300 _axviii,333p.
_c23cm(Hb)
500 _a Contributed articles.
500 _a Includes bibliographical references and index.
650 _aCriminal justice, Administration of
_zSouth Asia.
650 _a Criminal justice, Administration of
_zSouth Asia
_vCase studies.
650 _a Ethnological jurisprudence
_zSouth Asia.
650 _a Ethnological jurisprudence
_zSouth Asia
_v Case studies.
700 _aBerti, Daniela
700 _aBordia, Devika
942 _2ddc
_cEN
_mREG
_h345.5405
999 _c96666
_d96666